| 000 | 00873nam a2200217 a 4500 | ||
|---|---|---|---|
| 005 | 20260322212022.0 | ||
| 008 | data | ||
| 096 | _aWX 140 A77 1975 | ||
| 110 | 2 | _aGuirey, Srnka, Arnold and Sprinkle | |
| 245 | 1 | 0 |
_aArizona State Hospital master plan ; _bsummary report. _cGuirey, Srnka, Arnold and Sprinkle ... [et al.]. |
| 260 |
_aPhoenix, AZ : _bGuirey, Srnka, Arnold and Sprinkle, _c1975. |
||
| 300 |
_avar. pagings ; _bcm. |
||
| 500 | _aPrepared for Arizona State Hospital by Guirey, Srnka, Arnold and Sprinkle Architects and Planners. Phoenix, Arizona. November 1975. | ||
| 650 | 0 | _aArizona State Hospital | |
| 650 | 0 |
_aHospital buildings _xPlanning _zArizona |
|
| 650 | 0 |
_aMental health facilities _xUtilization |
|
| 710 | 2 | _aAdam, Hamlyn and associates | |
| 710 | 2 | _aHolmquist and King Consulting Engineers | |
| 710 | 2 | _aLowry and Sorenson Engineering Co. | |
| 001 | data | ||
| 999 |
_c494 _d494 |
||